Nueva enciclopedia de plantas y flores

Saved in:
Bibliographic Details
Corporate Author: The Royal Horticultural Society (Author)
Format: Book
Language:Spanish
Published: Barcelona Random House Mondadori S.A 2000
Edition:3a. ed
Subjects:
Tags: Add Tag
No Tags, Be the first to tag this record!

MARC

LEADER 00000nam a2200000 a 4500
001 UCG3802
003 CL-VaPUC
008 100916e20000000SP |||||||||||||||||spa|d
020 |a 9788425334719 
082 0 4 |a 635.903  |b THE  |2 21 
110 2 |a The Royal Horticultural Society  |e author  |9 553079 
245 1 0 |a Nueva enciclopedia de plantas y flores 
250 |a 3a. ed 
300 |a 744 p 
942 |c BK 
945 |d 20100916 00:00:00  |a mfarfan 
260 |a Barcelona  |b Random House Mondadori S.A  |c 2000 
500 |a Editor y director: Christopher Brickell 
650 0 |a Plantas  |9 264555 
650 0 |a Flores  |9 310803 
583 |a last modification  |c 20100916 00:00:00  |k Rodrigo Vera 
999 |c 342779  |d 342777 
952 |0 0  |1 0  |4 0  |6 635_903000000000000_THE_2000  |7 0  |8 A  |9 439288  |a BIBAGR  |b BIBAGR  |d 2019-11-22  |i 4719638  |l 1  |o 635.903 THE 2000  |p 4719638  |r 2025-01-20  |s 2024-10-09  |w 2019-11-22  |y BK  |k AGR